| 000 | 00367cam a22001457a 4500 | ||
|---|---|---|---|
| 008 | 180718b1960 xxu||||| |||| 00| 0 eng d | ||
| 082 | _aG92 G618 | ||
| 245 |
_aThe migration of the common law _cedited by A.L. Goodhart |
||
| 260 |
_aLondon _bStevens _c1960 |
||
| 300 | _a39p. | ||
| 500 | _a5/- | ||
| 650 | _aCommon Law | ||
| 700 | _aedited | ||
| 700 | _aGoodhart, A.L. | ||
| 999 |
_c366897 _d366897 |
||